000 00511nam a2200181Ia 4500
999 _c27972
_d27972
003 OSt
005 20201223120432.0
008 190216s9999||||xx |||||||||||||| ||und||
020 _a9788124008058
040 _coclc
082 _a894.8128
_bTHA/U
100 _aTharakan, K M
_96797
245 0 _aUtharadhunikathayum Mattum /
_cK M Thakaran
260 _bCurrent Books,
_aKottayam:
_c1999.
300 _a143p
650 _aPadanam
942 _cBK
_2ddc
_h894.8128
_iTHA/U
_k894.8128
_mTHA/U